La Celestina : (Registro nro. 21948)
[ vista simple ]
| 000 -LEADER | |
|---|---|
| fixed length control field | 00823cam a2200253 i 4500 |
| 001 - CONTROL NUMBER | |
| control field | 21948 |
| 003 - CONTROL NUMBER IDENTIFIER | |
| control field | Mx-PuUPA |
| 005 - DATE AND TIME OF LATEST TRANSACTION | |
| control field | 20200910102903.0 |
| 008 - FIXED-LENGTH DATA ELEMENTS--GENERAL INFORMATION | |
| fixed length control field | 140415s1960 sp r 000 0 spa d |
| 040 ## - CATALOGING SOURCE | |
| Original cataloging agency | MX-PuUPA |
| Language of cataloging | spa |
| Description conventions | rda |
| Transcribing agency | Mx-PuUPA |
| Modifying agency | Mx-PuUPA |
| 041 0# - LANGUAGE CODE | |
| Language code of text/sound track or separate title | spa |
| 100 1# - MAIN ENTRY--PERSONAL NAME | |
| Personal name | Rojas, Fernando de, |
| Dates associated with a name | -1541 |
| Relator term | autor |
| 9 (RLIN) | 2494 |
| 245 13 - TITLE STATEMENT | |
| Title | La Celestina : |
| Remainder of title | tragicomedia de Calixto y Melibea / |
| Statement of responsibility, etc. | Fernando de Rojas. |
| 250 ## - EDITION STATEMENT | |
| Edition statement | Sexta edición |
| 264 #1 - PRODUCTION, PUBLICATION, DISTRIBUTION, MANUFACTURE, AND COPYRIGHT NOTICE | |
| Place of production, publication, distribution, manufacture | Madrid : |
| Name of producer, publisher, distributor, manufacturer | Espasa-Calpe, |
| Date of production, publication, distribution, manufacture, or copyright notice | 1960 |
| 300 ## - PHYSICAL DESCRIPTION | |
| Extent | 146 páginas ; |
| Dimensions | 19 cm. |
| 336 ## - CONTENT TYPE | |
| Content type term | texto |
| Fuente | rdacontent |
| Content type code | txt |
| 337 ## - MEDIA TYPE | |
| Media type term | sin medio |
| Source | rdamedia |
| Media type code | n |
| 338 ## - CARRIER TYPE | |
| Carrier type term | volumen |
| Source | rdacarrier |
| Carrier type code | nc |
| 490 0# - SERIES STATEMENT | |
| Series statement | Colección Austral ; |
| Volume/sequential designation | 195 |
| 650 #4 - SUBJECT ADDED ENTRY--TOPICAL TERM | |
| Topical term or geographic name entry element | Literatura medieval |
| General subdivision | Teatro español |
| -- | Comedia |
| 942 ## - ADDED ENTRY ELEMENTS (KOHA) | |
| Source of classification or shelving scheme | Dewey Decimal Classification |
| Koha item type | Libro |
| Classification part | 862 |
| Item part | R7413 |
| Withdrawn status | Lost status | Source of classification or shelving scheme | Damaged status | Not for loan | Collection code | Home library | Current library | Shelving location | Date acquired | Source of acquisition | Total Checkouts | Total Renewals | Full call number | Barcode | Date last seen | Date last checked out | Price effective from | Koha item type |
|---|---|---|---|---|---|---|---|---|---|---|---|---|---|---|---|---|---|---|
| Dewey Decimal Classification | General | Biblioteca Karol Wojtyla | Biblioteca Karol Wojtyla | Sala general | 03/12/2013 | Compra | 1 | 1 | 862 R7413 1960 | 42375 | 05/01/2026 | 15/08/2023 | 09/03/2018 | Libro |